| 000 | 00428nam a22001337a 4500 | ||
|---|---|---|---|
| 008 | 240228b |||||||| |||| 00| 0 eng d | ||
| 020 | _a9788434889002 | ||
| 082 |
_aN _bPILC |
||
| 100 |
_aPilkey, Dav _eautor _943529 |
||
| 245 |
_aEl capitán calzoncillos y el ataque de los retretes parlantes / _cDav Pilkey |
||
| 260 |
_aMadrid: _bSM editores, _c2017 |
||
| 300 |
_a125 páginas; _bilustraciones a blanco y negro |
||
| 942 | _2ddc | ||
| 999 |
_c30704 _d17088 |
||